00421nam a2200157Ia 450000500170000000800410001702000150005808200210007310000210009424500530011526000420016830000190021065000110022965000130024065000100025320250123035207.0240331s9999 xx 000 0 und d a0195640632 bFLU22234a305.4 aFlueckiger, J. B 0aGender and Genre in the Folklore of Middle India aOxfordbOxford University Pressc1996 axxiii, 351 p., aGender aFolklore aWomen